000 00612nam a2200205Ia 4500
003 GCL
008 140319s9999 xx 000 0 eng d
040 _aGCL /
_cGCL
082 0 4 _a387.742
_bD S
100 1 _aDAVIDOFF, PHILIP G.
245 1 0 _aSABRE: RESERVATION AND TICKETING \ INSTITUTE OF CERTIFIED /
_cDAVIDOFF, PHILIP G.
700 1 _aDAVIDOFF, DORIS S.
700 1 _aDAVIDOFF, DONALD M
700 1 _aFINN, SHARON
260 _a[S.N] :
_bIRWIN MIRROR PRESS ،
_c1996
300 _a329 P
650 0 4 _aSABRE ( COMPUTER SYSTEM )
650 0 4 _aAIRLINES - U.S.A - RESERVATION SYSTEMS
942 _2ddc
_cBK
999 _c13135
_d13135